Hermenůtica interpretaȯ̂ jurd̕ica /

Bibliographic Details
Main Author: Beȧk, Rubens
Other Authors: Bolzan de Morais, Jose Luiz
Format: eBook
Language:Portuguese
Published: San Pablo: Letras Jurídicas Editora, 2013
Subjects:
Online Access:Acceso restringido

MARC

LEADER 00000nam a22000007a 4500
005 20200722234429.0
007 cr|||| ||||
008 200722s2013 br |||||s|||| 00||0 por d
020 |a 978-85-89917-87-2 
035 |a 31813 
040 |a vLex 
090 |c 10690  |d 10690 
100 1 |a Beȧk, Rubens 
245 1 0 |a Hermenůtica  |h [Recurso electrn̤ico] :  |b interpretaȯ̂ jurd̕ica /  |c Rubens Beȧk, Jose Luiz Bolzan de Morais 
256 |a Servicio en ln̕ea 
260 |a San Pablo:  |b Letras Jurídicas Editora,  |c 2013 
300 |a 1 recurso electrn̤ico 
500 |a Apresentaȯ̂ A tradiȯ̂ do CONPEDI - Conselho Nacional de Pesquisa e Ps̤-graduaȯ̂ em Direito ̌a de, na realizaȯ̂ de seus Encontros e Congressos, promover a apresentaȯ̂ de trabalhos em Grupos com temt̀icas especf̕icas. Um destes GTs ̌exatamente aquele incumbido da discussô atinente ̉Hermenůtica, Grupo do qual temos tido o prazer de coordenar j ̀h ̀bastante tempo. A qualidade dos trabalhos ali apresentados, seguidos de debates, figurase algo emblemt̀ico da prp̤ria essn̊cia destes Encontros do CONPEDI: para alm̌ da discussô dos rumos da Ps̤-graduaȯ̂ em nosso pas̕, a certeza de podermos participar do que de melhor se produz substancialmente neste campo. O XIX Encontro Nacional do CONPEDI, realizado em Fortaleza, entre 9 e 12 de junho de 2010, com a temt̀ica "Direitos Fundamentais e transdisciplinariedade", propiciou um "cruzar de caminhos" entre o que j ̀se fazia no nosso GT e o ideal da Editora Letras Jurd̕icas, qual seja a possibilidade da ediȯ̂ em livro dos trabalhos apresentados e discutidos. Esperamos que todos aqueles interessados no tema aproveitem este material e possam, com a leitura dos trabalhos naquela oportunidade apresentados, acrescerem algo em suas prp̤rias indagaė̳s, estudos e pesquisas. Os Coordenadores 
506 1 |a Disponible solo en los productos indicados  |d vLex Global  |d vLex Global (Academic Edition, excluding Law Schools)  |d vLex Global (U.S. Academic Edition, Law Schools)  |d vLex Global (U.S. Academic Edition, excluding Law Schools)  |d vLex Global (Academic Edition, Law Schools) 
650 0 4 |a Derecho Pb︢lico y Administrativo  |z Brasil 
700 1 |a Bolzan de Morais, Jose Luiz 
740 0 |a vLex Libros (Servicio en ln̕ea) 
856 4 0 |u http://vlex.com/source/hermen-utica-interpreta-o-juridica-31813  |z Acceso restringido 
942 |c BOOK 
999 0 |a Public and Administrative Law